000 00772nab a2200241 u 4500
001 19694
003 HDC
007 cr bn ---aaaaa
008 210302c |r|noo 0 a d
040 _aHDC
245 0 _aHALAL FOOD IS A $20 BILLION HIT IN AMERICA
260 _a[No place] :
_b[publisher not identified],
_c2016
336 _atext
_2rdacontent
337 _acomputer
_2rdamedia
338 _aonline resource
_2rdacarrier
650 _aHalal food market
_92149
650 _aHalal food
_950
710 _aNACS ONLINE
856 _zRequest full-text at [email protected]
942 _2lcc
942 _cNEWS
942 _kNWSO 009825
999 _c17010
_d17010